| 000 | 02010cam a2200277 4500 | ||
|---|---|---|---|
| 001 | ABS67873 | ||
| 008 | 040510n2004 000 0 eng u | ||
| 035 | _a(Sirsi) u126159 | ||
| 245 | _aFocus Regional Development Agencies | ||
| 260 | _c2004 | ||
| 490 |
_aEstates Gazette _v(0418) 1 May 2004, 65-73(9) |
||
| 520 | _aLooks at how three Regional Development Agencies (RDA) have benefited from going on fact-finding missions to other countries: South East England Development Agency for its Wolston Riverside development at Southampton; the Welsh Development Agency for its Cardiff Bay project and the East of England Development Agency with its market town initiative. Assesses the performance success of RDAs, five years after they were set up, in meeting their regeneration targets. Provides statistics on how RDAs are ensuring that brownfield land is remediated and ready for development. Looks at how RDAs are managing investment portfolios which they inherited, ranging from North West Development Agency's outsourcing its portfolio, to South West of England Regional Development Agency's traditional strategy of managing property in house and planning to dispose of surplus requirements for disposal through auction. Concludes with an interview with Sir Graham Hall chairman of the Northern Way Steering Group, which is carrying out a review of how Yorkshire Forward, One North East and the North West Development Agency can unite their economic development, transport, housing, skills and education policies. Lists members of the Northern Way Steering Group. | ||
| 590 | _aABS | ||
| 590 | _aABS | ||
| 650 | _aREGIONAL DEVELOPMENT AGENCIES | ||
| 650 | _aTARGETS | ||
| 650 | _aBROWNFIELD LAND | ||
| 650 | _aINVESTMENT PORTFOLIOS | ||
| 650 | _aNORTHERN WAY STEERING GROUP | ||
| 650 | _aNORTH WEST DEVELOPMENT AGENCY | ||
| 650 | _aSOUTH WEST OF ENGLAND REGIONAL DEVELOPMENT AGENCY | ||
| 650 | _aYORKSHIRE FORWARD | ||
| 650 | _aONE NORTH EAST | ||
| 690 | _aREGENERATION | ||
| 942 | _n0 | ||
| 999 |
_c117331 _d117331 |
||